banner koha

Flora das cangas da Serra dos Carajás, Pará, Brasil: Cleomaceae (Registro n. 331437)

MARC details
000 -LÍDER
fixed length control field 01872nab a2200253 i 4500
003 - CÓDIGO MARC DA AGÊNCIA CATALOGADORA
Campo de controle BR-BrBNA
005 - DATA E HORA DA ÚLTIMA ATUALIZAÇÃO
Campo de controle 20250512152925.0
008 - CAMPO DE TAMANHO FIXO
fixed length control field 250512b2017 bl.qr|pooa||| 00| 0 por |
040 ## - FONTE DA CATALOGAÇÃO
Agência catalogadora BR-BrBNA
Idioma da catalogação por
072 ## - CATEGORIA AGRIS
Código AGRIS F70
100 ## - ENTRADA PRINCIPAL - NOME PESSOAL
Nome pessoal Soares Neto, Raimundo Luciano
245 ## - TÍTULO PRINCIPAL
Título principal Flora das cangas da Serra dos Carajás, Pará, Brasil: Cleomaceae
500 ## - NOTA GERAL
Nota geral Publicação on-line; 4 ref.; 2 illus.; Summaries (En, Pt)
942 ## - ADDED ENTRY ELEMENTS (KOHA)
Koha item type Analítica
520 ## - NOTA DE RESUMO
Nota de conteúdo <br/><br/>Resumo<br/><br/>Neste estudo são retratadas as espécies de Cleomaceae que foram registradas para as cangas da Serra dos<br/>Carajás, no estado do Pará. São apresentadas descrições morfológicas, ilustração, imagens e comentários<br/>sobre as espécies. Foram registradas duas espécies para a área de estudo: Melidiscus giganteus e Tarenaya<br/>spinosa, ambas com ampla distribuição na região Neotropical.<br/><br/>Palavras-chave: Amazônia, diversidade, FLONA Carajás, flora, norte do Brasil.<br/><br/><br/><br/><br/>Abstract<br/><br/>The species of Cleomaceae that occur in the cangas of Serra dos Carajás, Pará state, Brazil, are described<br/>in this study. Morphological descriptions, illustrations, images and notes about the species are given here.<br/>Melidiscus giganteus and Tarenaya spinosa, both species with broad geographic distribution in the Neotropical<br/>region, were recorded in the area studied.<br/><br/>Key words: Amazônia, diversity, FLONA Carajás, flora, north of Brazil.
650 ## - ASSUNTO - THESAGRO
Cabeçalho tópico ou nome geográfico AMAZÔNIA
650 ## - ASSUNTO - THESAGRO
Cabeçalho tópico ou nome geográfico BIODIVERSIDADE
650 ## - ASSUNTO - THESAGRO
Cabeçalho tópico ou nome geográfico CARAJÁS
650 ## - ASSUNTO - THESAGRO
Cabeçalho tópico ou nome geográfico FLORA
650 ## - ASSUNTO - THESAGRO
Cabeçalho tópico ou nome geográfico NORTE
773 0# - ENTRADA ANALÍTICA
Host Biblionumber 709
Registro do item 350025
Imprenta Rio de Janeiro-RJ Jardim Botanico do Rio de Janeiro 1935
Outro identificador 2025-2634
Título Rodriguésia (Brazil)
ISSN 0370-6583; 2175-7860 on-line
Colação v. 68(3 special number) p. 931-933; (2017)
Número de controle de registro BR2025000924
856 ## - ACESSO E ENDEREÇO ELETRÔNICO
Identificador uniforme de recurso - URI https://www.scielo.br/j/rod/a/WCH6LMqmwLcxtR5jzQVsvFF/?format=pdf&lang=pt

Nenhum exemplar disponível.

BINAGRI

Telefone: (61)3218-2567/2388/3357/2097 - binagri@agro.gov.br

Ministério da Agricultura e Pecuária , Esplanada dos Ministérios, Bloco D, Anexo B, Brasília/DF, CEP: 70.043-900